MDQL
is popping MORE tags! Check the
thread
!
Quizzes
Events
Quiz Creation
Community
Videos
Private Events
Remove Ads
Sign In
Join for FREE
Feedback
Dark Mode
Quiz Categories
Sports
Geography
Music
Movies
Television
Just For Fun
Miscellaneous
History
Literature
Language
Science
Gaming
Entertainment
Religion
Holiday
For Kids
Quiz Lab
Recent
Popular Today
Quiz Kudos Today
Editor Picks
Curator Picks
Quizzes by...
Day
Popularity
Type
Ratings
Length
Year
Community
Subscriptions
Recent Discussions
Orange Saloon
Badges
Playlists
Quests
Create
Leaderboards
Showdown
Live 5
Trivia Bingo
Activity
Puzzle Library
Sporcle Events
Private Events
Virtual Trivia
Globe League
Become a Host
Pub Owners
SporcleCon
Opinionation
Our Games
Videos
Blog
Mobile Apps
Partnerships
Remove Ads and Go Orange
Feedback
Music
Pop Music
The Beatles
Song
Album
Lyrics
Bands
Singers
Artist
Clip
Rock
Rap
Classical
Billboard
Country Music
Kpop
Taylor Swift
Music
Pop Music
The Beatles
Song
Album
Lyrics
Bands
Singers
Artist
Clip
Rock
Rap
Classical
Billboard
Country Music
Kpop
Taylor Swift
Random Quiz
Search Sporcle
×
Quiz Lab
Quiz Lab
Music
World
Type in answers that appear in a list
Type in answers that appear in a list
Classic
Best Score? Go Orange.
Capital Lyrics Stats
Can you name the missing pop music lyrics that are world capitals?
By
efcroce
4m
13 Questions
70 Plays
70 Plays
70 Plays
Comments
Comments
Give Quiz Kudos
Give Quiz Kudos
-
- Ratings
hide this ad
More Info
Forced Order
Answers have to be entered in order
Answers have to be entered in order
Replay
Link that replays current quiz
Next Quiz
Link to next quiz in quiz playlist
You Got
0%
They Got
Avg Score
31%
Avg Friend Score
Upgrade to see
Score Distribution
Jump to the score distribution portion of the page
Score
0/13
Timer
04:00
0
Plays Today
Lyric
Capital
% Correct
'Oh no, there goes _
_
_
_
/
Go, go, Godzilla'
Tokyo
62.9%
'I met you before the fall of _
_
_
_
'
Rome
52.9%
'One night in _
_
_
_
and the world's your oyster'
Bangkok
48.6%
'Way on down south in _
_
_
_
town'
London
42.9%
'I was down at the New _
_
_
_
staring at this yellow-
haired girl'
Amsterdam
31.4%
'I hear _
_
_
_
_
bells a-
ringing /
Roman Cavalry choirs are singing'
Jerusalem
31.4%
'Buying bread from a man in _
_
_
_
/
He was six foot four...'
Brussels
28.6%
'And _
_
_
_
girls make me sing and shout...'
Moscow
27.1%
'Ninety minutes from New York to _
_
_
_
/
Well, by seventy-
six we'll be A-
OK'
Paris
25.7%
'When will you realize _
_
_
_
waits for you?'
Vienna
20%
'That's why I'm going to _
_
_
_
/
Up to the mountains where I'm going to'
Katmandu
15.7%
'See the marketplace in old _
_
_
_
/
Send me photographs and souvenirs'
Algiers
15.7%
'I was gambling in _
_
_
_
/
I took a little risk /
Send lawyers, guns, and money /
Dad, get me out of this'
Havana
12.9%
Quiz Playlist
Details
Report
Send in Message
Add To Playlist
More Info:
All of the missing lyrics in these pop songs are world capitals. How many can you identify?
Classic:
Type in answers that appear in a list
Forced Order:
Answers have to be entered in order
Last Updated: Feb 16, 2017
Quiz Scoreboard
CHALLENGE
Sign Up to Join the Scoreboard
Show All
Scores
Hide
Comments
May contain spoilers
Recently Published
Image Sorting: Flags VI
by Barbecue
Geography
2m
Find the 'City' Movie
by crazypaving
Movies
60s
Colored Red Africa Blitz
by spor1
Geography
45s
More to Explore
Quiz From the Vault
Featured Blog Post
14 Easter Pick-up Lines to Find Eggs With
hide this ad
You Might Also Like...
Tags
Artist Quiz
Capital Quiz
Pop Music Quiz
World Quiz
Today's Top Quizzes in Music
Browse Music
hide this ad
Today's Top Quizzes in World
Browse World
Top Contributed Quizzes in Music
1
5X2 Blitz: Bands II
2
5X2 Blitz: The Beatles
3
Taylor Swift All Songs (2024)
4
5X2 Blitz: Billboard
5
5X2 Blitz: Billboard II
6
5X2 Blitz: Album
7
5X2 Blitz: Rock
8
5X2 Blitz: Singers
9
Taylor Swift Logic Puzzle II
10
5X2 Blitz: Lyrics
Explore More
Trending Topics
Disney
Kpop
Harry Potter
Marvel
NBA
Crossword
Anime
Puzzle
The Office
WWE
Song
Pokémon
Country
NFL
Soccer
hide this ad
More By:
efcroce
Quiz
Plays
Rating
Category
Featured
Created
First Google Street View Cities
396
3.50
Geography
Nov 29, 2010
Passing Leaders By Letter
86
3.00
Sports
Dec 1, 2010
Capital Lyrics
70
4.00
Music
Dec 2, 2010
Go to Creator's Profile
Score Distribution
Quiz Creator Spotlight
efcroce
Follow
Send a Message
Quizzes Created
-
Created Quiz Play Count
-
More By This Creator
Popular Quizzes Today
1
Colored Red Africa Blitz
2
Find the US States - No Outlines Minefield
3
Find the 'City' Movie
4
5x2 Blitz: Bands
5
The Countries of the World
6
Find the US States
7
Find the Countries of Europe - No Outlines Minefield
8
US States
More Music Quizzes
Foo Fighters Albums
Published
Trending Quizzes
Colored Red Europe Blitz I
Colored Red Europe Blitz II
Colored Red Africa Blitz II
Colored Red Europe Blitz III
Colored Red Africa Blitz III
Recently Updated
How Do You Spell That?
pecheneg
Godzilla Movies
pecheneg
Grab Bag: 4-10 Letters
pecheneg
2024 March Madness Bracket
pecheneg
Famous TV Couples
Peacemaker
Champions League XIs: Real Madrid
pecheneg
Largest US Cities 1790-2010
pecheneg
Rides in Walt Disney World
pecheneg
Most Oscar Losses (Acting)
pecheneg
Beyoncé Albums
pecheneg
Trending Topics
Harry Potter
Kpop
Crossword
Anime
Disney
Marvel
NBA
Pokémon
Soccer
The Office
WWE
NFL
Song
Puzzle
Country
Your Account Isn't Verified!
In order to create a playlist on Sporcle, you need to verify the email address you used during registration. Go to your
Sporcle Settings
to finish the process.
Report this User
Report this user for behavior that violates our
Community Guidelines
.
Details:
Send Report
Go to the Sporcle.com Mobile Site →
Comments